00554 2200205 4500001002100000005001500021035002000036001002100056005001500077035002000092245007700112100001700189250001700206300003000223260003900253082000800292084001500300020002200315600001100337INLIS00000000000084320250109111205 a0010-0125000016INLIS00000000000083120250108122043 a0010-01250000041 aEnsiklopedia Visual Ilmu Pengetahuan Populer 4 :bSastra /cAprio Rabadi0 aAprio Rabadi acetakan ke-1 a56 hlm :bIlus ;c21,5 cm aBekasi :bUranus Publishing,c2011 a803 a803 APR e a978-602-863-742-8 4asastra